Všeobecná ekonomická teória zbierka kontrolných testov
Saved in:
| Main Author: | |
|---|---|
| Other Authors: | , , , |
| Format: | Book |
| Language: | Slovak |
| Published: |
Bratislava
Elita
1991
|
| Edition: | 1. vyd. |
| Subjects: | |
| Tags: |
No Tags, Be the first to tag this record!
|
MARC
| LEADER | 00000nam a2200000 4500 | ||
|---|---|---|---|
| 001 | c005369 | ||
| 005 | 20221214095215.3 | ||
| 020 | |a 80-85323-06-0 | ||
| 041 | 0 | |a slo | |
| 044 | |a SK | ||
| 245 | 1 | 0 | |a Všeobecná ekonomická teória |b zbierka kontrolných testov |c Drahoš Šíbl a kol. |
| 250 | |a 1. vyd. | ||
| 264 | 1 | |a Bratislava |b Elita |c 1991 | |
| 300 | |a 93 s. | ||
| 610 | 2 | 0 | |a teórie ekonomické |
| 610 | 2 | 0 | |a testy |
| 610 | 2 | 0 | |a systémy ekonomické |
| 610 | 2 | 0 | |a mechanizmus hospodársky |
| 610 | 2 | 0 | |a úroveň životná |
| 610 | 2 | 0 | |a štát |
| 610 | 2 | 0 | |a ceny |
| 610 | 2 | 0 | |a peniaze |
| 610 | 2 | 0 | |a nezamestnanosť |
| 610 | 2 | 0 | |a konkurencia |
| 610 | 2 | 0 | |a kapitál |
| 610 | 2 | 0 | |a úrok |
| 610 | 2 | 0 | |a zisk |
| 610 | 2 | 0 | |a obchod medzinárodný |
| 610 | 2 | 0 | |a teórie rastu hospodárskeho |
| 610 | 2 | 0 | |a krajiny rozvojové |
| 100 | 1 | |a Šíbl, Drahoš | |
| 700 | 1 | |a Borzová, Alžbeta | |
| 700 | 1 | |a Grohmann, Stanislav | |
| 700 | 1 | |a Hontyová, Kajetána | |
| 700 | 1 | |a Šíbl, Drahoš | |
| 700 | 1 | |a Táncošová, Judita | |